00561nam a22001697a 4500003000400000005001700004008004100021040001800062100002800080245012900108260002300237650002100260650002200281650002900303700002600332856003300358OSt20240823162445.0240823b ||||| |||| 00| 0 eng d cAIMIT LIBRARY aRao, Akshay U.e2216011 aStudy on the relationship between working capital management and Profit ability / cBy Akshay U Rao; Guided by Poulami Saha. aMangalore; c2024. aIndustry profile vLitreature review aStatement of the problem aSaha, Poulami.eGuide 3New Mangalore Port Authority